| 000 | 01285nam a22002657a 4500 | ||
|---|---|---|---|
| 005 | 20170124103154.0 | ||
| 010 | _aB-115005 | ||
| 020 |
_c350.00 _a8190158309 |
||
| 035 | _aB-115005 | ||
| 037 | _bCen Lib/Ret | ||
| 040 |
_aDPL _bHN |
||
| 082 |
_a821.08 _bरैदास |
||
| 245 |
_aरैदास ग्रंथावली / _cसंपादक एन.सिंह |
||
| 246 |
_aRaidas granthawali / _bsampadak N.Singh |
||
| 260 |
_aगाजियाबाद _bसाहित्य संस्थान _c2003 |
||
| 270 |
_bगाजियाबाद _aई-10/660, उत्तरांचल कॉलोनी, (निकट संगम हॉल ), लोनी बॉर्डर |
||
| 300 |
_a275पृ. _c21सेमी(सजिल्द) |
||
| 500 | _aसंदर्भ शामिल | ||
| 650 |
_aहिन्दी -- रैदास -- सामाजिक चेतना _96711 |
||
| 650 |
_aहिन्दी -- रैदास काव्य में भक्ति का स्वरुप _989036 |
||
| 650 |
_aHindi - Radas - social consciousness _989037 |
||
| 650 |
_aHindi - Radas poetic form of devotion _989038 |
||
| 700 |
_aएन.सिंह _989039 |
||
| 942 |
_2ddc _cHN _h821.08 _mरैदास |
||
| 999 |
_c120185 _d120185 |
||